000 00810nam a22002417a 4500
005 20251108173212.0
008 250721s2003 xx 000 0 ara d
082 1 4 _a302.20956/ زيد
100 1 _aالزيدي، مفيد
245 1 0 _aقضايا العولمة و المعلوماتية في المجتمع العربي المعاصر /
264 1 _aعمان :
_bدار أسامة للنشر و التوزيع،
_c2003.
300 _a223ص
650 1 7 _aالإعلام
650 1 7 _aبث المعلومات
650 1 7 _aتنمية المجتمع
650 1 7 _aعلم الحاسوب
650 1 7 _aتاريخ العرب
650 1 7 _aشبكات المعلومات
650 1 7 _aوسائل الاتصال الجماهيري
650 1 7 _aالتدويل
942 _2ddc
_cBK
999 _c98425
_d98425